White House press releases, fact sheets and briefings - FIND

Detalles Bibliográficos
Formato: Electrónico Periódico
Lenguaje:inglés
Publicado: Greenbelt, Maryland : Federal Information & News Dispatch
Materias:
Acceso en línea:Full text available from Research Library: 08/28/2005 to present

MARC

LEADER 00000nas a2200000 i 4500
001 ssj0001077965
003 WaSeSS
005 20200512172242.0
006 m d
007 cr n
008 140109c20uu9999mdud| n|s|||||| |0eng d
035 |a (WaSeSS)ssj0001077965 
040 |a WaSeSS  |b eng  |c WaSeSS  |d WaSeSS 
050 1 4 |a HD59 
245 0 0 |a White House press releases, fact sheets and briefings - FIND  |h [electronic resource]. 
246 1 |a White House press releases, fact sheets and briefings - Federal Information & News Dispatch 
260 |a Greenbelt, Maryland :  |b Federal Information & News Dispatch 
310 |a Daily 
506 |a License restrictions may limit access. 
588 |a Description based on: August 28, 2005; title from title screen (ProQuest, viewed Jan. 9, 2014). 
588 |a Latest issue consulted: January 8, 2014 (viewed Jan. 9, 2014). 
650 0 |a Press releases  |v Periodicals. 
650 0 |a Public relations  |v Periodicals. 
655 0 |a Electronic journals. 
856 4 0 |z Full text available from Research Library: 08/28/2005 to present  |u https://search.proquest.com/publication/28412